[Event "IECG WC.2008.T.00001 email"]
[Site "IECG email"]
[Date "2007.02.02"]
[Round "?"]
[White "Noire, Eric"]
[Black "Marcotulli, Giancarlo"]
[Result "1-0"]
[WhiteElo "2391"]
[BlackElo "2211"]
[PlyCount "59"]
[EventDate "2007.02.02"]
[EventType "tourn (corr)"]
[EventRounds "10"]
[SourceTitle "Corr 2011"]
[Source "ChessBase"]
[SourceDate "2010.08.31"]
[SourceVersion "1"]
[SourceVersionDate "2010.08.31"]
[SourceQuality "1"]

1. f4 d5 2. Nf3 g6 3. g3 Bg7 4. Bg2 Nf6 5. 0-0 0-0 6. d3 c5 7. Qe1 Nc6 8. h3 Qb6 9. Kh2 Be6 10. Ng5 Bd7 11. e4 dxe4 12. dxe4 Nd4 13. Na3 h6 14. Nf3 Nxf3+ 15. Rxf3 Qe6 16. e5 Nd5 17. Bd2 Rad8 18. Rd3 Bc6 19. Rd1 Nb6 20. Rxd8 Rxd8 21. Bxc6 Qxc6 22. Be3 Rxd1 23. Qxd1 f6 24. exf6 exf6 25. f5 gxf5 26. c4 a6 27. b3 Nd7 28. Nb1 b5 29. Nc3 bxc4 30. Nd5 1-0

[Event "IECG WC.2008.T.00001 email"]
[Site "IECG email"]
[Date "2007.02.02"]
[Round "?"]
[White "Pely, Giora"]
[Black "Marcotulli, Giancarlo"]
[Result "1/2-1/2"]
[WhiteElo "2392"]
[BlackElo "2211"]
[PlyCount "80"]
[EventDate "2007.02.02"]
[EventType "tourn (corr)"]
[EventRounds "10"]
[SourceTitle "Corr 2011"]
[Source "ChessBase"]
[SourceDate "2010.08.31"]
[SourceVersion "1"]
[SourceVersionDate "2010.08.31"]
[SourceQuality "1"]

1. e4 c5 2. Nf3 d6 3. d4 cxd4 4. Nxd4 Nf6 5. Nc3 Nc6 6. Bg5 e6 7. f4 Be7 8. Qd2 a6 9. 0-0-0 Bd7 10. Nf3 b5 11. Bxf6 gxf6 12. Kb1 Qb6 13. f5 0-0-0 14. g3 Kb8 15. fxe6 fxe6 16. Bh3 Bc8 17. Qe1 h5 18. Ne2 Ne5 19. Rf1 Ng4 20. Nf4 d5 21. exd5 e5 22. Nd4 exd4 23. Qxe7 Ne3 24. Bxc8 Rxc8 25. Qe4 h4 26. Ne6 hxg3 27. hxg3 Qd6 28. Qxd4 Nxf1 29. Rxf1 Rc4 30. Qd3 Rhc8 31. c3 b4 32. cxb4 Rxb4 33. a3 Rb5 34. Rd1 Qe5 35. Nd4 Rb6 36. Qf5 Qxf5+ 37. Nxf5 Kc7 38. Rh1 Re8 39. d6+ Kd8 40. Rh7 Re2 1/2-1/2

[Event "IECG WC.2008.T.00001 email"]
[Site "IECG email"]
[Date "2007.02.02"]
[Round "?"]
[White "Wurschner, Miroslav"]
[Black "Marcotulli, Giancarlo"]
[Result "1/2-1/2"]
[WhiteElo "2220"]
[BlackElo "2211"]
[PlyCount "56"]
[EventDate "2007.02.02"]
[EventType "tourn (corr)"]
[EventRounds "10"]
[SourceTitle "Corr 2011"]
[Source "ChessBase"]
[SourceDate "2010.08.31"]
[SourceVersion "1"]
[SourceVersionDate "2010.08.31"]
[SourceQuality "1"]

1. e4 c5 2. Nf3 d6 3. d4 cxd4 4. Nxd4 Nf6 5. Nc3 a6 6. Be2 e5 7. Nb3 Be7 8. 0-0 0-0 9. Be3 Be6 10. Qd2 Nbd7 11. a4 Rc8 12. a5 Qc7 13. Rfd1 Rfe8 14. Qe1 h6 15. Bf3 Qc6 16. Nc1 Qc7 17. Qe2 d5 18. exd5 Bf5 19. Ra4 Bd6 20. h3 e4 21. Bg4 Bh2+ 22. Kh1 Bxg4 23. hxg4 Be5 24. Bd4 Bxd4 25. Raxd4 Qxa5 26. Nxe4 Qb6 27. c4 Nxe4 28. Rxe4 Nf6 1/2-1/2

[Event "IECG TE.2006.P.02109 email"]
[Site "IECG email"]
[Date "2006.03.17"]
[Round "2"]
[White "Marcotulli, Giancarlo"]
[Black "Romero, Agustin"]
[Result "0-1"]
[WhiteElo "2218"]
[BlackElo "879"]
[PlyCount "26"]
[EventDate "2006.03.17"]
[EventType "tourn (corr)"]
[EventRounds "12"]
[SourceTitle "Corr 2024"]
[Source "ChessBase"]
[SourceDate "2023.10.19"]
[SourceVersion "1"]
[SourceVersionDate "2023.10.19"]
[SourceQuality "1"]

1. e4 c5 2. f4 Nc6 3. Nc3 g6 4. Nf3 Bg7 5. Bc4 Nh6 6. d3 Bxc3+ 7. bxc3 0-0 8. 0-0 e6 9. h3 d5 10. Bb5 dxe4 11. dxe4 Qc7 12. f5 exf5 13. Bxh6 Rd8 0-1

[Event "IECG WC.2006.T.00006 email"]
[Site "IECG email"]
[Date "2006.02.07"]
[Round "?"]
[White "Balabaev, Farit Gasisovich"]
[Black "Marcotulli, Giancarlo"]
[Result "1-0"]
[WhiteElo "2437"]
[BlackElo "2220"]
[PlyCount "35"]
[EventDate "2006.02.07"]
[EventType "tourn (corr)"]
[EventRounds "6"]
[SourceTitle "Corr 2008"]
[Source "ChessBase"]
[SourceDate "2008.06.24"]
[SourceVersion "1"]
[SourceVersionDate "2008.06.24"]
[SourceQuality "1"]

1. e4 e5 2. Nf3 Nc6 3. Bb5 a6 4. Ba4 Nf6 5. 0-0 Be7 6. Re1 b5 7. Bb3 0-0 8. c3 d6 9. h3 Na5 10. Bc2 c5 11. d4 Qc7 12. Nbd2 cxd4 13. cxd4 Bb7 14. d5 Rac8 15. Bd3 Nc4 16. Nf1 Nb6 17. Ng3 Na4 18. Qe2 1-0

[Event "IECG WC.2006.T.00006 email"]
[Site "IECG email"]
[Date "2006.02.07"]
[Round "?"]
[White "Marcotulli, Giancarlo"]
[Black "Diaz, Sergio Moreira"]
[Result "0-1"]
[WhiteElo "2220"]
[BlackElo "2395"]
[PlyCount "52"]
[EventDate "2006.02.07"]
[EventType "tourn (corr)"]
[EventRounds "6"]
[SourceTitle "Corr 2008"]
[Source "ChessBase"]
[SourceDate "2008.06.24"]
[SourceVersion "1"]
[SourceVersionDate "2008.06.24"]
[SourceQuality "1"]

1. e4 c5 2. c3 d5 3. exd5 Qxd5 4. d4 Nf6 5. Nf3 Bg4 6. Be2 Nc6 7. Na3 cxd4 8. Nb5 0-0-0 9. Nbxd4 e5 10. Nxc6 Qxc6 11. Qc2 Bc5 12. 0-0 Rhe8 13. Ng5 Bxe2 14. Qxe2 Rd7 15. Be3 h6 16. Nf3 Nd5 17. Bd2 e4 18. Nd4 Qd6 19. Rad1 Qe5 20. Rfe1 Bb6 21. Qg4 h5 22. Qe2 g6 23. Qc4+ Bc7 24. Nf3 Qe6 25. Nd4 Qd6 26. g3 a6 0-1